In Situ measurement of absorption characteristics of materials using environmental anonymous noise : investigation by using P-P and P-U sensors /
محفوظ في:
| المؤلف الرئيسي: | |
|---|---|
| التنسيق: | أطروحة كتاب |
| اللغة: | Japanese |
| منشور في: |
2006.
|
| الموضوعات: | |
| الوسوم: |
إضافة وسم
لا توجد وسوم, كن أول من يضع وسما على هذه التسجيلة!
|
| LEADER | 01223cam a2200301 a 4500 | ||
|---|---|---|---|
| 001 | u834741 | ||
| 003 | SIRSI | ||
| 005 | 201107271627 | ||
| 008 | 110727s2006 ja a v 000 0 jpn m | ||
| 040 | |a UMM | ||
| 090 | |a NA2800 |b Nazcd | ||
| 100 | 0 | |a Nazli Che Din. | |
| 245 | 1 | 0 | |a In Situ measurement of absorption characteristics of materials using environmental anonymous noise : |b investigation by using P-P and P-U sensors / |c Nazli bin Che Din. |
| 260 | |c 2006. | ||
| 270 | 1 | |g Nazli Che Din. |a Universiti Malaya. Fakulti Alam Bina. Jabatan Senibina. | |
| 300 | |a [3] 89 [8] leaves : |b ill. ; |c 30 cm. | ||
| 500 | |a Japanese script. | ||
| 502 | |a Dissertation (M.Eng.(Arch. Eng.)) -- Architectural Acoustics Lab., Department of Architecture, Graduate School of Engineering, Oita University Japan, 2006. | ||
| 504 | |a Bibliography: leaves 90-93. | ||
| 650 | 0 | |a Architectural acoustics. | |
| 650 | 0 | |a Absorption of sound |x Measurement. | |
| 650 | 0 | |a Acoustic impedance |x Instruments. | |
| 650 | 0 | |a Transfer functions. | |
| 650 | 0 | |a Acoustical engineering. | |
| 710 | 2 | 0 | |a Oita Daigaku. |
| 900 | |a ZA | ||
| 596 | |a 1 | ||
| 999 | |a NA2800 NAZCD |w LC |c 1 |i A514880263 |d 21/11/2011 |f 21/11/2011 |g 1 |l STACKS |m P01UTAMA |r Y |s Y |t TESIS |u 21/11/2011 | ||
